Les chevaliers d'or de Saint Seiya - Statistiques

Statistiques générales
  • Ce quiz a été pris 59 fois
  • Le résultat moyen est 35 sur 91
Statistiques - réponses
Époque Manga Constellation Nom % Correct
20ème siècle Saint Seiya Bélier
93%
20ème siècle Saint Seiya Taureau Aldébaran
87%
21ème siècle Saint Seiya Oméga (avant oméga) Sagittaire Seiya
87%
21ème siècle Saint Seiya Oméga (saison 1) Sagittaire Seiya
87%
21ème siècle Saint Seiya Oméga (saison 2) Sagittaire Seiya
87%
20ème siècle Saint Seiya Vierge Shaka
83%
20ème siècle Saint Seiya Cancer Masque de mort
80%
20ème siècle Saint Seiya Gémeaux Saga
80%
20ème siècle Saint Seiya Poissons Aphrodite
76%
18ème siècle (pendant la guerre sainte) Saint Seiya : The Lost Canvas Balance Dôko
76%
18ème siècle (après la guerre sainte) Saint Seiya : The Lost Canvas Balance Dôko
76%
18ème siècle Saint Seiya : Next dimension Balance Dôko
76%
20ème siècle Saint Seiya Balance Dôko
76%
20ème siècle Saint Seiya Scorpion Milo
76%
20ème siècle Saint Seiya Verseau Camus
74%
20ème siècle Saint Seiya Capricorne Shura
74%
Saint Seiya : Meiô Iden Dark Wing Capricorne Shura
74%
20ème siècle Saint Seiya Gémeaux Kanon
72%
21ème siècle Saint Seiya Oméga (avant oméga) Balance Shiryû
72%
21ème siècle Saint Seiya Oméga (saison 2) Balance Shiryû
72%
20ème siècle Saint Seiya Lion Aiolia
65%
20ème siècle Saint Seiya Sagittaire Aiolos
65%
Saint Seiya : Meiô Iden Dark Wing Sagittaire Aiolos
65%
18ème siècle (pendant la guerre sainte) Saint Seiya : The Lost Canvas Bélier Shion
65%
18ème siècle (après la guerre sainte) Saint Seiya : The Lost Canvas Bélier Shion
65%
18ème siècle Saint Seiya : Next dimension Bélier Shion
65%
21ème siècle Saint Seiya Oméga (saison 1) Bélier Kiki
59%
21ème siècle Saint Seiya Oméga (saison 2) Bélier Kiki
59%
18ème siècle (pendant la guerre sainte) Saint Seiya : The Lost Canvas Vierge Asmita
52%
18ème siècle (pendant la guerre sainte) Saint Seiya : The Lost Canvas Cancer Manigoldo
46%
18ème siècle (pendant la guerre sainte) Saint Seiya : The Lost Canvas Poissons Albafica
43%
18ème siècle (pendant la guerre sainte) Saint Seiya : The Lost Canvas Capricorne El Cid
43%
18ème siècle (pendant la guerre sainte) Saint Seiya : The Lost Canvas Lion Régulus
43%
18ème siècle (pendant la guerre sainte) Saint Seiya : The Lost Canvas Verseau Dégel
41%
21ème siècle Saint Seiya Oméga (saison 1) Scorpion Sonia
39%
18ème siècle (pendant la guerre sainte) Saint Seiya : The Lost Canvas Sagittaire Sisyphe
35%
18ème siècle (pendant la guerre sainte) Saint Seiya : The Lost Canvas Scorpion Cardia
33%
21ème siècle Saint Seiya Oméga (saison 1) Balance Genbu
33%
21ème siècle Saint Seiya Oméga (saison 2) Balance Genbu
33%
20ème siècle Saint Seiya (jeu vidéo) Serpentaire Shaina
33%
21ème siècle Saint Seiya Oméga (saison 1) Poissons Amor
30%
21ème siècle Saint Seiya Oméga (saison 1) Vierge Fudô
30%
21ème siècle Saint Seiya Oméga (saison 2) Vierge Fudô
30%
21ème siècle Saint Seiya Oméga (saison 1) Taureau Harbinger
30%
21ème siècle Saint Seiya Oméga (saison 2) Taureau Harbinger
30%
21ème siècle Saint Seiya Oméga (saison 2) Gémeaux Integra
30%
18ème siècle (pendant la guerre sainte) Saint Seiya : The Lost Canvas Taureau Rasgado
28%
18ème siècle (avant la guerre sainte) Saint Seiya : The Lost Canvas Gémeaux Aspros
26%
18ème siècle (pendant la guerre sainte) Saint Seiya : The Lost Canvas Gémeaux Deutéros
26%
21ème siècle Saint Seiya Oméga (saison 1) Capricorne Ionia
26%
21ème siècle Saint Seiya Oméga (saison 1) Lion Mycène
26%
21ème siècle Saint Seiya Oméga (saison 1) Verseau Tokisada
26%
18ème siècle Saint Seiya : Next dimension Lion Kaiser
24%
18ème siècle Saint Seiya : Next dimension Serpentaire Odysseus
24%
21ème siècle Saint Seiya Oméga (saison 1) Cancer Schiller
24%
18ème siècle Saint Seiya : Next dimension Gémeaux Cain
22%
18ème siècle Saint Seiya : Next dimension Cancer Deathtoll
22%
18ème siècle Saint Seiya : Next dimension Taureau Ox
22%
15ème / 16ème siècle Saint Seiya : The Lost Canvas Cancer Sage
22%
18ème siècle Saint Seiya : Next dimension Vierge Shijima
22%
18ème siècle Saint Seiya : Next dimension Gémeaux Abel
20%
18ème siècle Saint Seiya : Next dimension Poissons Cardinale
20%
18ème siècle Saint Seiya : Next dimension Scorpion Ecarlate
20%
15ème / 16ème siècle Saint Seiya : The Lost Canvas Bélier Avenir
17%
18ème siècle (avant la guerre sainte) Saint Seiya : The Lost Canvas Poissons Lugonis
17%
15ème / 16ème siècle Saint Seiya : The Lost Canvas Taureau Francisca
15%
18ème siècle Saint Seiya : Next dimension Sagittaire Gestalt
15%
18ème siècle (avant la guerre sainte) Saint Seiya : The Lost Canvas Lion Illias
15%
18ème siècle (après la guerre sainte) Saint Seiya : The Lost Canvas Taureau Teneo
15%
13ème siècle Saint Seiya : The Lost Canvas Balance Itia
13%
15ème / 16ème siècle Saint Seiya : The Lost Canvas Balance Itia
13%
18ème siècle Saint Seiya : Next dimension Capricorne Izô
13%
13ème siècle Saint Seiya : The Lost Canvas Verseau Krest
13%
15ème / 16ème siècle Saint Seiya : The Lost Canvas Verseau Krest
13%
18ème siècle (avant la guerre sainte) Saint Seiya : The Lost Canvas Scorpion Zaphiri
13%
Âge mythologique Saint Seiya : Next dimension Serpentaire Asclépios
11%
15ème / 16ème siècle Saint Seiya : The Lost Canvas Bélier Gateguard
11%
18ème siècle Saint Seiya : Next dimension Verseau Mystoria
11%
15ème / 16ème siècle Saint Seiya : The Lost Canvas Sagittaire Aeras
9%
Saint Seiya : Meiô Iden Dark Wing Taureau Ain
9%
Saint Seiya : Meiô Iden Dark Wing Poissons Alfreed
9%
Saint Seiya : Meiô Iden Dark Wing Cancer Crematorio
9%
Saint Seiya : Meiô Iden Dark Wing Capricorne Eito
9%
Saint Seiya : Meiô Iden Dark Wing Scorpion Eulalia
9%
Saint Seiya : Meiô Iden Dark Wing Balance Kôgetsuki
9%
Saint Seiya : Meiô Iden Dark Wing Vierge Renge
9%
Saint Seiya : Meiô Iden Dark Wing Gémeaux Sôjirô
9%
Saint Seiya : Meiô Iden Dark Wing Bélier Theseus
9%
Saint Seiya : Meiô Iden Dark Wing Verseau Tristan
9%
Saint Seiya : Meiô Iden Dark Wing Lion Vasilios
9%
21ème siècle Saint Seiya Oméga (saison 1) Gémeaux Paraodx
2%
Aucun quiz correspondant
Distribution des résultats
% des personnes avec chaque résultat
Percentile par nombre de réponses
Votre historique - résultats
Vous n’avez pas pris ce quiz